000 00646nam a2200229 i 4500
001 C2-0273592
003 PPAK
005 20180728002918.0
008 060809s1956 my a|||| ||||| | may d
040 _aPPAK
_beng
_cPPAK
_erda
082 0 4 _a899.23
_223
090 0 0 _a899.23
_bHAK
_dKK
100 0 _aHaji Hakim,
_eauthor
245 1 0 _aPelajaran Melayu Dahulu - Sekarang
264 1 _aPulau Pinang :
_bSinaran Bros ,
_c1956
300 _a71 pages :
_billustrations ;
_c19 cm
336 _2rdacontent
_atext
337 _2rdamedia
_aunmediated
338 _2rdacarrier
_avolume
650 1 0 _aSejarah Melayu - Malay literature
942 _ddc
_cB
999 _c81496
_d81496